000 00636nam a2200181 4500
001 132049
003 ES-MaACL
005 20230906194108.0
007 t|
008 070214s1981 sp r ||||1| spa d
100 1 _aRodríguez Rodríguez, Vicente.
_998771
245 1 0 _aNotas sobre el desarrollo comarcal de La Mancha /
_cVicente Rodríguez Rodríguez.
260 _a[S. l.] :
_b[s. n.],
_c1981.
300 _a12 h. ;
_c24 cm.
500 _aEs tirada aparte de: Anales de Geografía de la universidad Complutense, 1981, p. 117-139.
710 2 _aUniversidad Complutense de Madrid.
_97098
852 _aES-MaACL
_j2128-F-2
_bR.105518
999 _c132049
_d132049